000 00407pam a2200145 a 4500
020 _a8123913850
_c
041 _h
082 _a611
_bFAR
100 _aFARUQI, N .
245 _aMANUAL OF PRACTICAL ANATOMY (THORAX & ABDOMEN") VOL-2 /
_cNULL.
_hTextual Documents
260 _aNULL :
_bCENTRAL BOOK SUPP. (CBS) ,
_c2006.
300 _a322 : :
_bXI ; ;
_cA4 . +
_ePB.
930 _a3148
999 _c797682
_d797682
650 _aANATOMY